000 nam a22 7a 4500
999 _c128598
_d128598
008 181120b xxu||||| |||| 00| 0 eng d
020 _a9781473695986
050 _aQC6.H392
100 _aHawking, Stephen
_931994
245 _aBrief answers to the big questions
_cStephen Hawking
260 _aLondon
_bJohn Murray Publishers
_c2018
300 _axxiii, 232p. ;
_c22cm.
650 _aSpace
_xPopular works
_943525
650 _aTime
_xPopular works
_943526
942 _2lcc
_cMONOGRAPH